Wild geese of the world : their life history and ecology /

Bibliographic Details
Main Author: Owen, Myrfyn
Format: Book
Language:English
Published: London : B.T. Batsford, 1980.
Subjects:

MARC

Tag First Indicator Second Indicator Subfields
LEADER 00000cam a2200000 a 4500
001 in00000069556
005 20151008054506.0
008 810305s1980 enkabf b 00110 eng d
020 |z 0713418316 
035 |a (OCoLC)07193751 
035 |9 AAJ0821AM 
040 |a BAT  |c BAT  |d TXA  |d UtOrBLW 
049 |a TXAM  |c [1804175] 
090 |a QL696.A52  |b O9 
100 1 |a Owen, Myrfyn. 
245 1 0 |a Wild geese of the world :  |b their life history and ecology /  |c Myrfyn Owen ; with a foreword by Sir Peter Scott. 
264 1 |a London :  |b B.T. Batsford,  |c 1980. 
300 |a 236 pages, 8 unnumbered pages of plates :  |b illustrations, maps ;  |c 26 cm. 
336 |a text  |b txt  |2 rdacontent 
337 |a unmediated  |b n  |2 rdamedia 
338 |a volume  |b nc  |2 rdacarrier 
500 |a Includes index. 
504 |a Bibliography: pages 217-230. 
650 0 |a Geese. 
999 |a MARS 
999 f f |s 1bb9613f-cfae-3ff9-adea-f03a2b9f1a5a  |i 9b15f9c2-e2f9-3a13-a96e-67e46ac853d8  |t 0 
952 f f |p ric  |a Texas A&M University  |b Rellis Campus  |c Joint Library Facility  |d Remote Storage  |t 0  |e QL696.A52 O9  |h Library of Congress classification  |i unmediated -- volume  |m A14806221782 
998 f f |a QL696.A52 O9  |t 0  |l Remote Storage